Geography-Progressively difficult - Statistics

General Stats
  • This quiz has been taken 62 times
  • The average score is 24 of 39
Answer Stats
Question Answer % Correct
1) Vast expanse of swamp and remote marshland in southwest Florida Everglades
96%
2) The country music capital of the world Nashville
94%
4) Former prison located on a rocky island inSan Francisco Bay Alcatraz
91%
6) The only Great Lake located entirely withinthe US border Michigan
89%
3) The mile high city Denver
85%
30) Largest city in Texas Houston
83%
15) Massive waterfall complex on the US-Canadianborder Niagara Falls
83%
23) AKA "Sin City" Las Vegas
79%
29) 4 presidents' faces are carved into this SD mountain Mount Rushmore
79%
19) The city of Jazz music, Mardi Gras, and BourbonStreet celebrations New Orleans
79%
40) The "Windy City" Chicago
75%
18) This mountain chain stretches from northernAlabama to Maine in the US Appalachian
74%
10) Also known as Beantown Boston
74%
37) Massive square park in the middle of downtownManhattan, NYC Central Park
70%
11) Dallas and this twin city share DFW Airport Fort Worth
70%
32) Minneapolis is twin cities with ______ St Paul
70%
5) The Last Frontier Alaska
68%
9) Despite its size, this northeast Florida city hasonly one professional sports team Jacksonville
68%
24) Sound which Seattle lies on Puget
68%
36) Breaking Bad took place in this New Mexico city Albuquerque
66%
13) Also called the "Land of Lincoln" Illinois
66%
16) Northern Texas city that translates to yellowin Spanish Amarillo
64%
17) Nine states have this shape, most popularly inwestern Oklahoma and north Texas panhandle
62%
20) Capital city that is Spanish for "Holy Faith" Santa Fe
62%
12) 2nd biggest city in Arizona Tucson
58%
7) City home to Hartsfield-Jackson Airport Atlanta
55%
34) Biggest city in North Dakota Fargo
55%
25) Large lake on the Nevada-California border Tahoe
55%
28) Dulles and Reagan airports belong to which city? Washington DC
55%
14) Lincoln was actually born in this state in a rural log cabin Kentucky
51%
27) Large port city on Lake Superior in Minnesota Duluth
47%
31) Biggest city in Vermont Burlington
38%
39) Durham, Raleigh, and Chapel Hill, NC are collectivelycalled the _______ triangle research
36%
8) The US Naval Academy is located here Annapolis
30%
33) The University of Alabama is located in this centralAlabama city Tuscaloosa
26%
38) This city is home to the University of West Virginia Morgantown
23%
26) 2nd biggest city in Idaho Meridian
21%
21) 3rd biggest city in Wyoming Gillette
13%
22) The New England Patriots play in this easternMass town Foxborough
11%
No matching quizzes found
Score Distribution
Percent of People with Each Score
Percentile by Number Answered
Your Score History
You have not taken this quiz